Ayuda en semillas, agroempresas y crisis alimentaria

Gespeichert in:
Bibliographische Detailangaben
Format: Text
Online Zugang:_
Tags: Tag hinzufügen
Keine Tags, Fügen Sie den ersten Tag hinzu!

MARC

LEADER 00000 a a2200000 04500
001 41234
003
040
245 |a Ayuda en semillas, agroempresas y crisis alimentaria  
773 |g número58 ( , 2008), páginas 3-7 : fotos  
856 |u http://www.grain.org/   |y _   |q PTA  
999 |c 32227  |d 32227